Об одном случае деления клеточного тела (Запись № 12288065)
[ простой вид ]
| 000 -МАРКЕР | |
|---|---|
| контрольное поле | 02060nam0a2200301 4500 |
| 001 - ИДЕНТИФИКАТОР ЗАПИСИ | |
| контрольное поле | RU\NLR\BIBL_A\012184466 |
| 005 - ИДЕНТИФИКАТОР ВЕРСИИ | |
| контрольное поле | 20250623222945.0 |
| 035 ## - ДРУГИЕ СИСТЕМНЫЕ НОМЕРА | |
| Идентификатор записи | (NLR Aleph) 012184466 |
| 100 ## - ДАННЫЕ ОБЩЕЙ ОБРАБОТКИ | |
| Данные общей обработки | 20080221d1896 |||y0rusy50 ca |
| 101 0# - ЯЗЫК РЕСУРСА | |
| Язык текста, звукозаписи и т.д. | русский |
| 102 ## - СТРАНА ПУБЛИКАЦИИ ИЛИ ПРОИЗВОДСТВА | |
| Страна публикации | Российская Федерация |
| 105 ## - ПОЛЕ КОДИРОВАННЫХ ДАННЫХ: ТЕКСТОВЫЕ МАТЕРИАЛЫ, МОНОГРАФИЧЕСКИЕ | |
| Кодированные данные о монографическом текстовом документе | y|||z|||000zy |
| 200 1# - ЗАГЛАВИЕ И СВЕДЕНИЯ ОБ ОТВЕТСТВЕННОСТИ | |
| Основное заглавие | Об одном случае деления клеточного тела |
| Первые сведения об ответственности | [соч.] О.П. Эйсмонда |
| 210 ## - ПУБЛИКАЦИЯ, РАСПРОСТРАНЕНИЕ И ДР. | |
| Место издания, распространения и т.д. | Варшава |
| Имя издателя, распространителя и т. д. | Типография Варшавского учебное округа |
| Дата издания, распространения и т.д. | 1896 |
| 215 ## - ФИЗИЧЕСКАЯ ХАРАКТЕРИСТИКА | |
| Специфическое обозначение материала и объем | 2 с. |
| Размеры | 24 |
| 225 1# - СЕРИЯ | |
| Основное заглавие серии | Работы из Зоотомической лаборатории Варшавского университета |
| Обозначение тома | 15 |
| 316 ## - ПРИМЕЧАНИЯ ОБ ОСОБЕННОСТЯХ ЭКЗЕМПЛЯРА | |
| Текст примечания | Экз. сплетен с 6-ю др. кн. в общ. переплет с загл.: Сообщения. На тит. л. и обл. общ. переплета также загл. сер. и содерж. 7 данных кн. приплетены к: Дополнения к учению о развитии головы позвоночных животных / [cоч.] П.И. Митрофанова. Варшава, 1895 |
| Организация и экземпляр, к которому относится поле | NLR |
| 482 #0 - ПРИПЛЕТЕНО К | |
| Встроенное поле | 2001#$aДополнения к учению о развитии головы позвоночных животных$f[cоч.] П.И. Митрофанова |
| -- | 210##$aВаршава$d1895 |
| -- | 700#1$aМитрофанов$bП.И.$f1857-1920$gПавел Ильич$cд-р зоологии$3RU\NLR\AUTH\770215072 |
| Заглавие | Дополнения к учению о развитии головы позвоночных животных |
| Автор | Митрофанов, Павел Ильич (д-р зоологии ; 1857-1920) |
| 512 1# - ЗАГЛАВИЕ ОБЛОЖКИ | |
| Заглавие обложки | Сообщения |
| 606 1# - НАИМЕНОВАНИЕ ТЕМЫ КАК ПРЕДМЕТ | |
| Наименование темы | Животные клетки |
| Тематический подзаголовок | Деление |
| Системный номер авторитетной/нормативной записи | 1081582 |
| Идентификатор авторитетной/нормативной записи | RU\NLR\AUTH\66422827 |
| 686 3# - ИНДЕКСЫ ДРУГИХ КЛАССИФИКАЦИЙ | |
| Индекс | Е657.38 |
| 700 #1 - ИМЯ ЛИЦА - ПЕРВИЧНАЯ ОТВЕТСТВЕННОСТЬ | |
| Графика поля | Кириллица |
| Материалы, к которым относится поле | rus |
| Начальный элемент ввода | Эйсмонд |
| Часть имени, кроме начального элемента ввода | О. П. |
| Даты | 1863- |
| Расширение инициалов личного имени | Осип Петрович |
| Системный номер авторитетной/нормативной записи | 214954 |
| Идентификатор авторитетной/нормативной записи | RU\NLR\AUTH\770215010 |
| 852 ## - МЕСТОНАХОЖДЕНИЕ И ШИФР ХРАНЕНИЯ | |
| Идентификатор организации | NLR |
| Шифр хранения (Call Number) | 38.36.5.45(15-4) |
| 942 ## - ДОПОЛНИТЕЛЬНЫЕ ЭЛЕМЕНТЫ ЗАПИСИ (АБИС) | |
| Тип экземпляра АБИС | Книга |
| 980 ## - КОЛЛЕКЦИЯ | |
| Название коллекции | Национальная библиография |
Нет доступных экземпляров.